| 000 | 01367nam a2200409 c 4500 | ||
|---|---|---|---|
| 999 |
_c51484 _d51484 |
||
| 001 | 51484 | ||
| 003 | ES-MaCES | ||
| 005 | 20251115040004.0 | ||
| 008 | 200728s2020 sp 000 | spa d | ||
| 017 |
_aV 244-2018 _bDL |
||
| 020 | _a9788413364827 | ||
| 040 |
_aES-MaCES _bspa _cES-MaCES _dES-MaCES |
||
| 100 | 1 |
_935333 _aNasarre Aznar, Sergio |
|
| 245 | 1 | 4 |
_aLos años de la crisis de la vivienda _b: de las hipotecas "subprime" a la vivienda colaborativa _cSergio Nasarre Aznar |
| 260 |
_aValencia _bTirant lo Blanch _c2020 |
||
| 300 |
_a656 p. _c24 cm |
||
| 490 | 0 | _aDerecho de la vivienda | |
| 504 | _aBibliografía: 637-656 | ||
| 541 | _cCompra | ||
| 650 | 4 |
_avivienda _928598 |
|
| 650 | 4 |
_ahipoteca _928116 |
|
| 650 | 4 |
_acrisis económica _927102 |
|
| 650 | 4 |
_aEstados Unidos _928373 |
|
| 650 | 4 |
_aglobalización económica _930653 |
|
| 650 | 4 |
_aconsecuencias económicas _927082 |
|
| 650 | 4 |
_aconsecuencias sociales _927288 |
|
| 650 | 4 |
_aEspaña _926964 |
|
| 650 | 4 |
_anecesidades de vivienda _928600 |
|
| 650 | 4 |
_apolítica de vivienda _929419 |
|
| 650 | 4 |
_acooperativa de vivienda _928599 |
|
| 650 | 4 |
_aeconomía colaborativa _937923 |
|
| 650 | 4 |
_aderecho civil _927156 |
|
| 653 | 1 | 0 | _aVivienda-Construcción-Urbanismo |
| 830 | 0 |
_aDerecho de vivienda (Tirant lo Blanch (Firma)) _939202 |
|
| 902 | _aLIB Libro | ||
| 942 |
_2CES _cBK _h5.2. |
||